[Event "Moscow op-A 14th"]
[Site "Moscow"]
[Date "2018.02.03"]
[Round "8"]
[White "Tsoi, Dmitry"]
[Black "Geshko, Aleksey"]
[Result "1-0"]
[WhiteElo "2371"]
[BlackElo "2260"]
[PlyCount "47"]
[EventDate "2018.01.27"]
[EventType "swiss"]
[EventRounds "9"]
[EventCountry "RUS"]
[SourceTitle "CBM 182 Extra"]
[Source "ChessBase"]
[SourceDate "2018.02.23"]
[SourceVersion "1"]
[SourceVersionDate "2018.02.23"]
[SourceQuality "1"]

1. e4 c5 2. Be2 d6 3. f4 Nc6 4. Nf3 g6 5. 0-0 Bg7 6. d3 e6 7. c3 Nge7 8. Nbd2 0-0 9. Qe1 b6 10. e5 dxe5 11. fxe5 Ba6 12. Nc4 b5 13. Ne3 h5 14. g4 Nxe5 15. Nxe5 Bxe5 16. gxh5 gxh5 17. Bxh5 f5 18. Nc4 bxc4 19. Qxe5 Kh7 20. Rf3 Rg8+ 21. Kf2 Qd5 22. Qf4 Rg7 23. Bf7 Rg6 24. Qh4+ 1-0

[Event "Moscow op-A 14th"]
[Site "Moscow"]
[Date "2018.01.30"]
[Round "4"]
[White "Dzyga, Artem"]
[Black "Geshko, Aleksey"]
[Result "0-1"]
[WhiteElo "2106"]
[BlackElo "2260"]
[PlyCount "66"]
[EventDate "2018.01.27"]
[EventType "swiss"]
[EventRounds "9"]
[EventCountry "RUS"]
[SourceTitle "CBM 182 Extra"]
[Source "ChessBase"]
[SourceDate "2018.02.23"]
[SourceVersion "1"]
[SourceVersionDate "2018.02.23"]
[SourceQuality "1"]

1. e4 c5 2. Nf3 d6 3. d4 cxd4 4. Nxd4 Nf6 5. Nc3 a6 6. Bc4 e6 7. Bb3 Nbd7 8. f3 Nc5 9. Be3 Be7 10. Qd2 Qc7 11. g4 b5 12. a3 Nxb3 13. cxb3 Bb7 14. h4 Nd7 15. h5 Ne5 16. g5 Rc8 17. Rg1 g6 18. f4 Nd7 19. Nde2 Nc5 20. Qd1 e5 21. Rc1 Qb8 22. Ng3 d5 23. Nxd5 Bxd5 24. Qxd5 exf4 25. Bxc5 fxg3 26. b4 Qf4 27. Qd2 Qh4 28. Rc3 Rd8 29. Qe2 Bxc5 30. Rxc5 g2+ 31. Qf2 Rd1+ 32. Kxd1 Qxf2 33. Rxg2 Qf1+ 0-1

[Event "Moscow op-A 14th"]
[Site "Moscow"]
[Date "2018.01.29"]
[Round "3"]
[White "Geshko, Aleksey"]
[Black "Usmanov, Vasily"]
[Result "0-1"]
[WhiteElo "2260"]
[BlackElo "2472"]
[PlyCount "90"]
[EventDate "2018.01.27"]
[EventType "swiss"]
[EventRounds "9"]
[EventCountry "RUS"]
[SourceTitle "CBM 182 Extra"]
[Source "ChessBase"]
[SourceDate "2018.02.23"]
[SourceVersion "1"]
[SourceVersionDate "2018.02.23"]
[SourceQuality "1"]

1. e4 c6 2. d4 d5 3. e5 c5 4. dxc5 Nc6 5. Nf3 Bg4 6. c3 e6 7. Be3 Nge7 8. Nbd2 Nf5 9. Bd4 Be7 10. h3 Bxf3 11. Nxf3 0-0 12. Bd3 b6 13. cxb6 Nfxd4 14. Nxd4 Nxd4 15. cxd4 Qxb6 16. 0-0 Qxb2 17. a4 g6 18. Bb5 a6 19. Rb1 Qa3 20. Be2 Rfc8 21. Qb3 Qxb3 22. Rxb3 Rc2 23. Bd3 Ra2 24. Rfb1 Rxa4 25. Rb8+ Rxb8 26. Rxb8+ Bf8 27. Ra8 Rxd4 28. Bxa6 Re4 29. Bd3 Rxe5 30. Rd8 Kg7 31. g3 Bc5 32. Kg2 Re1 33. f4 Re3 34. Bb5 Rb3 35. Be2 Rb2 36. Kf3 Bg1 37. Kg2 Rxe2+ 38. Kxg1 h5 39. h4 Kf6 40. Rd7 Rd2 41. Kf1 d4 42. Kg1 d3 43. Kf1 Rd1+ 44. Kf2 d2 45. Ke2 Rg1 0-1

[Event "St Petersburg Summer op"]
[Site "St Petersburg"]
[Date "2017.08.18"]
[Round "3"]
[White "Nuritdinov, Nizomitdin"]
[Black "Geshko, Aleksey"]
[Result "0-1"]
[WhiteElo "2010"]
[BlackElo "2258"]
[PlyCount "64"]
[EventDate "2017.08.16"]
[EventType "swiss"]
[EventRounds "9"]
[EventCountry "RUS"]
[SourceTitle "CBM 180 Extra"]
[Source "ChessBase"]
[SourceDate "2017.10.06"]
[SourceVersion "1"]
[SourceVersionDate "2017.10.06"]
[SourceQuality "1"]

1. d4 Nf6 2. Nf3 e6 3. Bg5 h6 4. Bh4 d6 5. e3 g5 6. Bg3 Nh5 7. Be2 Nxg3 8. hxg3 Bg7 9. Nbd2 Nd7 10. c3 Qe7 11. Qb3 0-0 12. Bd3 a6 13. Ne4 f5 14. Ned2 b5 15. e4 c5 16. Qc2 Bb7 17. 0-0-0 cxd4 18. exf5 dxc3 19. bxc3 Rac8 20. Nb1 Nc5 21. Rde1 e5 22. Nfd2 d5 23. f3 Qf6 24. g4 Rfd8 25. Nb3 Nxd3+ 26. Qxd3 b4 27. Kd2 e4 28. Qc2 bxc3+ 29. Kd1 d4 30. fxe4 d3 31. Qf2 c2+ 32. Kc1 cxb1Q+ 0-1

[Event "St Petersburg Summer op"]
[Site "St Petersburg"]
[Date "2017.08.17"]
[Round "2"]
[White "Geshko, Aleksey"]
[Black "Paravyan, David"]
[Result "0-1"]
[WhiteElo "2258"]
[BlackElo "2551"]
[PlyCount "104"]
[EventDate "2017.08.16"]
[EventType "swiss"]
[EventRounds "9"]
[EventCountry "RUS"]
[SourceTitle "CBM 180 Extra"]
[Source "ChessBase"]
[SourceDate "2017.10.06"]
[SourceVersion "1"]
[SourceVersionDate "2017.10.06"]
[SourceQuality "1"]

1. e4 c5 2. Nf3 d6 3. d4 cxd4 4. Nxd4 Nf6 5. Nc3 a6 6. Be3 e5 7. Nb3 Be7 8. f3 0-0 9. Qd2 Be6 10. 0-0-0 a5 11. a4 Nc6 12. g4 Nb4 13. g5 Nh5 14. Rg1 Rc8 15. Kb1 d5 16. exd5 Bf5 17. Na1 Qd6 18. Ne4 Qg6 19. d6 Qe6 20. b3 Rfd8 21. Bc4 Rxc4 22. bxc4 Qxc4 23. Qc3 Qa2+ 24. Kc1 Bf8 25. Qxe5 Rc8 26. Rg2 Qxa4 27. Nc5 Qa3+ 28. Kd2 Bh3 29. Re2 b6 30. Nab3 bxc5 31. Bxc5 Qa4 32. Ra1 Qb5 33. Rxa5 Qb8 34. d7 Qxe5 35. Rxe5 Bxd7 36. Re4 Nc6 37. Ra6 Bf5 38. Re3 Nb4 39. Ra7 Nxc2 40. Re5 g6 41. Bxf8 Kxf8 42. Nc5 Nd4 43. Ree7 Nxf3+ 44. Ke3 Nxg5 45. Rec7 Rxc7 46. Rxc7 Nf6 47. Ra7 Ng4+ 48. Kf4 Ne6+ 49. Nxe6+ Bxe6 50. h3 Nf6 51. Kg5 Kg7 52. h4 Nh5 0-1

[Event "Samara Polugaevsky Memorial 7th"]
[Site "Samara"]
[Date "2017.07.14"]
[Round "7"]
[White "Pshmahov, Osman"]
[Black "Geshko, Aleksey"]
[Result "1/2-1/2"]
[WhiteElo "2075"]
[BlackElo "2235"]
[PlyCount "76"]
[EventDate "2017.07.08"]
[EventType "swiss"]
[EventRounds "9"]
[EventCountry "RUS"]
[SourceTitle "EXT 2018"]
[Source "ChessBase"]
[SourceDate "2017.10.13"]
[SourceVersion "1"]
[SourceVersionDate "2017.10.13"]
[SourceQuality "1"]

1. e4 c5 2. d3 e6 3. f4 d5 4. Be2 Nc6 5. Nf3 Nge7 6. 0-0 g6 7. Be3 b6 8. Nbd2 Bg7 9. c3 0-0 10. Qc2 Bb7 11. Rad1 Rc8 12. Qb1 Qc7 13. Kh1 Ba6 14. Rde1 Rfd8 15. b4 dxe4 16. dxe4 Bxe2 17. Rxe2 cxb4 18. cxb4 Nd4 19. Bxd4 Bxd4 20. e5 Qc2 21. Re4 b5 22. Qxc2 Rxc2 23. Nxd4 Rxd2 24. Nxb5 Rxa2 25. Nd6 Nf5 26. Rd1 Nxd6 27. Red4 Nb7 28. Rxd8+ Nxd8 29. Rxd8+ Kg7 30. g3 h5 31. h4 Rb2 32. Ra8 Rb1+ 33. Kg2 Rb2+ 34. Kf3 Rb3+ 35. Kg2 Rb2+ 36. Kf3 Rb3+ 37. Kg2 Rb2+ 38. Kf3 Rb3+ 1/2-1/2

[Event "Samara Polugaevsky Memorial 7th"]
[Site "Samara"]
[Date "2017.07.12"]
[Round "5"]
[White "Geshko, Aleksey"]
[Black "Mukhit, Aisezym"]
[Result "1-0"]
[WhiteElo "2235"]
[BlackElo "1991"]
[PlyCount "43"]
[EventDate "2017.07.08"]
[EventType "swiss"]
[EventRounds "9"]
[EventCountry "RUS"]
[SourceTitle "EXT 2018"]
[Source "ChessBase"]
[SourceDate "2017.10.13"]
[SourceVersion "1"]
[SourceVersionDate "2017.10.13"]
[SourceQuality "1"]

1. e4 c5 2. Nf3 e6 3. d4 cxd4 4. Nxd4 a6 5. c4 Nf6 6. Nc3 Qc7 7. Be2 b6 8. 0-0 Bb7 9. Qd3 Nc6 10. Nxc6 Bxc6 11. f4 Bb4 12. e5 Bxc3 13. Qxc3 Ne4 14. Qd4 a5 15. Be3 Rb8 16. f5 exf5 17. Rxf5 0-0 18. Raf1 d6 19. Bf3 g6 20. Bxe4 Bxe4 21. exd6 Qc6 22. Bh6 1-0

[Event "Samara Polugaevsky Memorial 7th"]
[Site "Samara"]
[Date "2017.07.11"]
[Round "4"]
[White "Teiitbaev, Aktilek"]
[Black "Geshko, Aleksey"]
[Result "1/2-1/2"]
[WhiteElo "2016"]
[BlackElo "2235"]
[PlyCount "114"]
[EventDate "2017.07.08"]
[EventType "swiss"]
[EventRounds "9"]
[EventCountry "RUS"]
[SourceTitle "EXT 2018"]
[Source "ChessBase"]
[SourceDate "2017.10.13"]
[SourceVersion "1"]
[SourceVersionDate "2017.10.13"]
[SourceQuality "1"]

1. e4 c5 2. Nf3 d6 3. d4 cxd4 4. Nxd4 Nf6 5. Nc3 a6 6. Bc4 e6 7. Bb3 Nbd7 8. 0-0 Nc5 9. f3 Be7 10. Be3 0-0 11. Qd2 Nxb3 12. axb3 Bd7 13. Rfd1 Qc7 14. Nde2 b5 15. Bf4 e5 16. Bg5 b4 17. Na4 Rfd8 18. Bxf6 Bxf6 19. Rac1 Qa7+ 20. Kh1 a5 21. c3 Be6 22. c4 h6 23. Rf1 Bg5 24. f4 exf4 25. Nxf4 Rac8 26. Rcd1 Bd7 27. Qd3 Bxf4 28. Rxf4 Bc6 29. Qd4 Qxd4 30. Rxd4 Rb8 31. h3 g6 32. Rf6 Kf8 33. Rfxd6 Rxd6 34. Rxd6 Bxe4 35. Nc5 Bf5 36. Rd5 Re8 37. Kg1 Re2 38. Rd8+ Ke7 39. Ra8 Rxb2 40. Rxa5 Kd6 41. Rb5 h5 42. h4 Kc6 43. Kh2 f6 44. Kg3 Rd2 45. Kf3 Bg4+ 46. Ke3 Rxg2 47. Nd3 Re2+ 48. Kd4 Bf3 49. Nxb4+ Kd7 50. Nd5 Bxd5 51. Rxd5+ Kc6 52. Rc5+ Kd6 53. Rd5+ Ke6 54. Kc5 f5 55. Rd6+ Kf7 56. Rd7+ Kf6 57. Rd6+ Kf7 1/2-1/2

[Event "Samara Polugaevsky Memorial 7th"]
[Site "Samara"]
[Date "2017.07.08"]
[Round "1"]
[White "Geshko, Aleksey"]
[Black "Tyurin, Artem"]
[Result "1-0"]
[WhiteElo "2235"]
[BlackElo "1664"]
[PlyCount "61"]
[EventDate "2017.07.08"]
[EventType "swiss"]
[EventRounds "9"]
[EventCountry "RUS"]
[SourceTitle "EXT 2018"]
[Source "ChessBase"]
[SourceDate "2017.10.13"]
[SourceVersion "1"]
[SourceVersionDate "2017.10.13"]
[SourceQuality "1"]

1. e4 c5 2. Nf3 d6 3. d4 cxd4 4. Nxd4 Nf6 5. Nc3 a6 6. Be3 e6 7. g4 h6 8. h3 b5 9. a3 Bb7 10. Bg2 Nbd7 11. Qe2 Nc5 12. 0-0-0 Qc7 13. Kb1 Rc8 14. Bc1 Be7 15. f4 Nfd7 16. h4 Nb6 17. g5 h5 18. g6 Nca4 19. Nxa4 Nxa4 20. gxf7+ Kxf7 21. Bf3 Bf6 22. Bxh5+ Ke7 23. Bf3 b4 24. e5 dxe5 25. fxe5 Bxf3 26. exf6+ Kd6 27. Qxe6+ Kc5 28. axb4+ Kxb4 29. Bd2+ Kc5 30. b4+ Kxd4 31. Be3+ 1-0